00961nam a2200145Ia 4500008004100000020001800041100020700059245033700266260002700603440002100630650002000651856005200671999001900723952007300742171212s9999 xx 000 0 und d a9780833082206 aFriedberg, Mark W.;Chen, Peggy G.;Van Busum, Kristin R.;Aunon, Frances M.;Pham, Chau;Caloyeras, John P.;Mattke, Soeren;Pitchforth, Emma;Quigley, Denise D.;Brook, Robert H.;Crosson, F. Jay;Tutty, Michael cFriedberg, Mark W.;Chen, Peggy G.;Van Busum, Kristin R.;Aunon, Frances M.;Pham, Chau;Caloyeras, John P.;Mattke, Soeren;Pitchforth, Emma;Quigley, Denise D.;Brook, Robert H.;Crosson, F. Jay;Tutty, MichaelaFactors Affecting Physician Professional Satisfaction and Their Implications for Patient Care, Health Systems, and Health Policy bRAND Corporationc2013 aResearch Reports aHealth Sciences uhttp://www.jstor.org/stable/10.7249/j.ctt5hhsc5 c352072d352072 001040aCLbCLd2017-12-12l0r2017-12-12 00:00:00w2017-12-12yCBE